000 00903nam a22002417a 4500
999 _c7154
_d7154
003 AR-CdUCM
008 190319b ||||| |||| 00| 0 eng d
040 _aMUNICIPALIDAD PROVINCIAL DEL CUSCO
_cBIBLIOTECA MUNICIPAL DEL CUSCO
082 _22ed.
_a709 /
_bP56
100 _aPijoán, José
_918769
245 _aSumma Artis, Historia general del arte :
_bEl arte de la India /
260 _aMadrid
_bEspasa-Calpe, S.A.,
_c1969.
300 _a803 páginas ;
_bIlustraciones en color y b/n.
_c27 cm.
500 _aHojas dañadas
505 _aContenido : Significado de la India -- Prehistoria y protohistoria de la India -- El arte de los stupa -- Arquitectura rupestre búdica y jaina...
650 _aHistoria del Arte
_91647
650 _aPintura
_93081
650 _aArte Hindú
_920173
650 _aIndia
_92692
700 _aJean Roger Riviére
_920174
942 _2ddc
_cLIBROS
945 _admma